| 000 | 01164cam a2200229 4500 | ||
|---|---|---|---|
| 001 | WB4007-08 | ||
| 008 | 040219n2004 000 0 eng u | ||
| 035 | _a(Sirsi) u125205 | ||
| 245 | _aSimulator teaches flood management | ||
| 260 | _c2004 | ||
| 490 |
_aDTI Press Release _v(P/2004/074) 19 February 2004 (2) |
||
| 520 | _aDTI has launched FloodRanger, a flood simulator, to raise the profile of the risks and effects of flooding around the UK. The aim of the simulator is to defend cities, towns and countryside in a fictional area of the coast over a 100 year period whilst maintaing levels of housing and jobs for an expanding population. Developed from the DTI's Foresight project on coastal and flood defences, the software is generic but could be tailored to particular environments with the developers. Press release http://213.38.88.221/gnn/national.nsf/TI/B0E239B68 DD4AEE580256E3F00416106?opendocument | ||
| 590 | _aWB | ||
| 590 | _aWB | ||
| 650 | _aFLOODING | ||
| 650 | _aFLOOD MANAGEMENT | ||
| 650 | _aFLOOD DEFENCES | ||
| 650 | _aCOASTAL DEFENCES | ||
| 650 | _aSIMULATION MODELLING | ||
| 690 | _aENVIRONMENT-MANAGEMENT | ||
| 942 | _n0 | ||
| 999 |
_c117045 _d117045 |
||